Pookkalude Pusthakam (Record no. 136218)
[ view plain ]
| 000 -LEADER | |
|---|---|
| fixed length control field | 00506nam a22001817a 4500 |
| 003 - CONTROL NUMBER IDENTIFIER | |
| control field | OSt |
| 005 - DATE AND TIME OF LATEST TRANSACTION | |
| control field | 20240812130538.0 |
| 008 - FIXED-LENGTH DATA ELEMENTS--GENERAL INFORMATION | |
| fixed length control field | 240812b |||||||| |||| 00| 0 eng d |
| 020 ## - INTERNATIONAL STANDARD BOOK NUMBER | |
| International Standard Book Number | 978-93-5432-309-6 |
| 040 ## - CATALOGING SOURCE | |
| Transcribing agency | SBCL |
| 082 ## - DEWEY DECIMAL CLASSIFICATION NUMBER | |
| Classification number | 100 |
| Item number | SWA-P |
| 100 ## - MAIN ENTRY--PERSONAL NAME | |
| Personal name | Swaraj,M. |
| 245 ## - TITLE STATEMENT | |
| Title | Pookkalude Pusthakam |
| 260 ## - PUBLICATION, DISTRIBUTION, ETC. | |
| Place of publication, distribution, etc. | Kottayam |
| Name of publisher, distributor, etc. | DC Books |
| Date of publication, distribution, etc. | 2021 |
| 300 ## - PHYSICAL DESCRIPTION | |
| Extent | 124p. |
| 650 ## - SUBJECT ADDED ENTRY--TOPICAL TERM | |
| Topical term or geographic name entry element | Literatures of other languages |
| 942 ## - ADDED ENTRY ELEMENTS (KOHA) | |
| Koha item type | BOOK |
| 650 ## - SUBJECT ADDED ENTRY--TOPICAL TERM | |
| Source of heading or term | Literatures |
| Form subdivision | Altaic, Uralic, Hyperborean & Dravidian |
| General subdivision | Malayalam Novel |
| Withdrawn status | Lost status | Source of classification or shelving scheme | Damaged status | Not for loan | Home library | Current library | Date acquired | Total Checkouts | Full call number | Barcode | Date last seen | Date last checked out | Price effective from | Koha item type |
|---|---|---|---|---|---|---|---|---|---|---|---|---|---|---|
| Dewey Decimal Classification | SB LIBRARY | SB LIBRARY | 12/08/2024 | 1 | 100 SWA-P | 142381 | 30/08/2024 | 22/08/2024 | 12/08/2024 | BOOK |